00780nam a22002057a 450000500170000001000150001702000260003203500140005803700090007208200120008110000220009324500840011526000590019927000800025830000240033870000240036294200260038699900190041295201430043120240624165111.0 aENG-140695 a9789391028671c699.00 aEN-124227 bDBAD a305.908 aMeena, C.K967678 aThe Invisible Majority:bIndia's Abled Disabled/cBy C.K Meena [and] V.R Ferose aGurugrambHachelle Book Publishing India Pvt Ltdc2021 a4th & %th Floor, Corporate Centre, Plot No. 94, Sector 44bGurugrame122003 axix,327p.c20cm(hb) aFerose, V.R 967679 2ddccENh305.908mMEE c203684d203684 001040708NFICaLbLd2024-06-24eDBADg699.00l3m2o305.908 MEEpEN-124227r2026-02-13 00:00:00s2026-01-29t1v699.00w2024-06-24yEN